000 00494nam a2200193Ia 4500
008 240510s9999 xx 000 0 und d
020 _a0000201416476
041 _aEng
082 _a005.756
082 _bR54
100 _aROLLAND, E.D. :
245 0 _aRelational database management with oracle
260 _bWokingham : Addison_Wesley
260 _c1990
300 _a226 p.
650 _aRelational databases : Oracle database management systems
942 _2ddc
942 _cRBK
999 _c24975
_d24975
945 _a1
_bMadushi Gamage
_c1
_dMadushi Gamage